| 000 | 00917cam a2200265 i 4500 | ||
|---|---|---|---|
| 001 | 3698932 | ||
| 003 | NUST-PNEC | ||
| 005 | 20170116180712.0 | ||
| 008 | 790501s1979 paua b 001 0 eng | ||
| 010 | _a 79012530 | ||
| 020 |
_a0830697888 : _a0830611339 |
||
| 040 |
_aDLC _cPNEC _dDLC |
||
| 050 | 0 | 0 |
_aTK7872.F5 _bT43 |
| 082 | 0 | 0 | _a621.381532 TED |
| 100 | 1 | _aTedeschi, Frank P. | |
| 245 | 1 | 4 |
_aThe active filter handbook / _c[Frank P. Tedeschi]. |
| 250 | _a1st ed. | ||
| 260 |
_aBlue Ridge Summit, Pa. : _bTab Books, _cc1979. |
||
| 300 |
_a280 p. : _bill. ; _c22 cm. |
||
| 500 | _ahttp://www.amazon.com/Active-Filter-Handbook-Frank-Tedeschi/dp/0830611339/ref=sr_1_1?s=books&ie=UTF8&qid=1413264538&sr=1-1&keywords=0830611339 | ||
| 504 | _aIncludes bibliographical references and index. | ||
| 650 | 0 |
_aElectric filters, Active. _xEL |
|
| 906 |
_a7 _bcbc _corignew _d1 _eocip _f19 _gy-gencatlg |
||
| 942 |
_2ddc _cBK |
||
| 999 |
_c61001 _d61001 |
||